000 00510nam a22001817a 4500
003 CEME
005 20210628203028.0
008 210128b xxu||||| |||| 00| 0 eng d
020 _a9780099549482
040 _c.
082 _a813.54 LEE
100 _aLee, Harper
_912255
245 _aTo kill a mockingbird
260 _aGREAT BRITIAN
_bARROW BOOKS
_c2010
300 _a309P
650 _aFATHER AND DAUGHTER-FICITON. GIRLS-FICTION.TRIALS (RAPE)-FICTION RACE RELATIONS-FICTION
_962944
942 _cBK
_2ddc
999 _c571890
_d571890